Statistics for 1803-ハピラインふくいの駅

Click here to take the quiz!

General Stats

  • This quiz has been taken 29 times
  • The average score is 16 of 19

Answer Stats

ハピラインふくい線% Correct
敦賀
100%
武生
100%
今庄
100%
芦原温泉
100%
福井
100%
南今庄
100%
大聖寺
96%
鯖江
96%
越前花堂
88%
北鯖江
85%
南条
85%
春江
81%
丸岡
81%
牛ノ谷
81%
森田
77%
湯尾
77%
細呂木
65%
大土呂
65%
王子保
62%

Score Distribution

Percentile by Number Answered

Percent of People with Each Score

Your Score History

You have not taken this quiz